• Socialismo

di Topical Term

Records bibliografici associati: 1

001 - CONTROL NUMBER

  • control field: 52832

003 - CONTROL NUMBER IDENTIFIER

  • control field: IT-RoINE

005 - DATE AND TIME OF LATEST TRANSACTION

  • control field: 20181002091823.0

008 - FIXED-LENGTH DATA ELEMENTS

  • fixed length control field: 181002|| aca||aabn | a|a d

040 ## - CATALOGING SOURCE

  • Original cataloging agency: IT-RoINE
  • Transcribing agency: IT-RoINE

150 ## - HEADING--TOPICAL TERM

  • Topical term or geographic name as entry element: Socialismo
  • Geographic subdivision: España
  • Form subdivision: Discursos, ensayos, conferencias

670 ## - SOURCE DATA FOUND

  • Source citation: Work cat.: (IT-RoINE)0: Fundación Pablo Iglesias (Madrid, España) 21686, Homenaje a Pablo Iglesias /, 1979.